02984nam a22003137a 45000010005000000030006000050050017000110080041000280200018000690400029000870820010001161000024001262450429001502500087005792600035006663000054007014900038007555050008007935201146008015200396019475210029023435210019023726000038023916000120024297000027025497000034025767000031026107000029026411516FISKH20250530115011.0230901b cb ||||| |||| 00| 0 khr d a9789995054854 aFISKHbengcFISKHdFISKH a959.6 aMengheang, Sunheng  aយើងទៅទស្សនាប្រាសាទអង្គរ /bអង្គរវត្ត និងបាយ័ន cនិពន្ធដោយ ស៊ុនហេង ម៉េងឈាង និង ហួត សារិទ្ធ ក្រោមការដឹកនាំរបស់ Francoise Recamier - ដោយមានការសហការពី Olivier Cunin, Bertrand Port និង Dominique Soutif  aបោះពុម្ពលើកទី ៦​ ខែកញ្ញា ២០២២  aPhnom Penh : bSipar, c2022.  a51 pages : bmap ; color illustrations ; c20 cm  aខ្ញុំចង់ដឹង aZ'  aស្វែងយល់អង្គរភាគទី១ (អង្គរវត្ត និងបាយ័ន) ណែនាំអ្នកអានឱ្យយល់ដឹងបន្ថែមអំពីប្រាសាទអង្គរវត្ត និងប្រាសាទបាយ័ន ដោយផ្អែកលើការយល់ដឹងអំពីចម្លាក់ទាបនៃប្រាសាទទាំងនោះ។ ការផ្តល់ជំនួយសង្គ្រោះទាបនីមួយៗផ្តល់នូវព័ត៌មាន និងដំណើររឿងផ្សេងៗគ្នា៖ ខ្លះជាប្រវត្តិសាស្ត្រ ទេវកថា វីរភាពឥណ្ឌា (មហាបារ៉ាត ​​និងរាមាយណៈ) និងជីវិតប្រចាំថ្ងៃ (បាយ័ន)។ ជាងនេះទៅទៀត វា​ក៏​បង្ហាញ​ពី​ជំនឿ​នៃ​សាសនា​ហិណ្ឌូ​ដែល​ផ្អែកលើ​អបិយជំនឿផងដែរ​។ aExploring Angkor Part 1 (Angkor Wat and Bayon) guides readers to know more about Angkor Wat and Bayon temple based on understanding the low reliefs of those temples. Each low relief provides different information and story: some are history, mythology, Indian Epics (Mahabarata and Ramayana) and daily life (Bayon). Moreover, it also demonstrates the belief of Hinduism based on the reliefs.8 a1000 bLexile estimate 8 aZ' bRaz-Plus  vMythology xHistory yDaily life  vទេវកថា​ xប្រវត្តសាស្ត្រ yជីវិតប្រចាំថ្ងៃ aSarith, Huot qAuthor  aSovanrith, Khun eillustrator aVisoth, Seng eillustrator aRotha, Ouk eillustrator